00514 a2200157 4500020001500000040000800015100002000023245007600043260004400119300002900163440004800192440002500240650003600265650003800301700001700339 a0240514513 aDLC aMazda, Fraidoon00aAnalytical techniques in telecommunications cedited by Fraidoon Mazda. aOxford ;aBoston :bFocal Press,c1996. a310 p. :bill. ;c19 cm. 4aThe Telecommunications pocket guide series. 4aFocal pocket guides. 0aTelecommunicationxMathematics. 0aSignal theory (Telecommunication)1 aMazda, F. F.